| 000 | 00772nam a2200253 i 4500 | ||
|---|---|---|---|
| 001 | bg | ||
| 100 | 1 | _aZIEMBIŃSKI, Zygmunt | |
| 245 | 1 | 0 |
_aLogika praktyczna / _cZygmunt Ziembiński ; aneks Elementy rachunku predykatów - Kazimierz Świrydowicz. |
| 250 | _aWyd. 20. | ||
| 260 |
_aWarszawa : _bWydaw. Naukowe PWN, _c1996. |
||
| 300 |
_a282, [2] s. : _b2 rys., wykr. ; _c24 cm. |
||
| 504 | _aIndeks. | ||
| 521 | _aPodręcznik dla studentów prawa i innych kierunków humanistycznych. | ||
| 650 | 9 | _aLogika | |
| 655 | _aPodręczniki akademickie | ||
| 700 | 1 | _aŚWIRYDOWICZ, Kazimierz. | |
| 020 | _a8301119020 | ||
| 040 | _cBPK | ||
| 041 | 0 | _apl | |
| 080 | _a16(075.8) | ||
| 920 | _a83-01-11902-0 | ||
| 942 | _cKS | ||
| 008 | s pl f |000 0 pol | ||
| 999 |
_c31802 _d31802 |
||
| 856 |
_uhttp://koha.tu.koszalin.pl/cgi-bin/koha/opac-detail.pl?biblionumber=31802 _yKatalog online BPK |
||